| 000 | 00602nam a2200241 a 4500 | ||
|---|---|---|---|
| 001 | nice12345678 | ||
| 003 | IN_TiNIC | ||
| 005 | 20260116014836.0 | ||
| 008 | 070307s1998 u.ka grp 000 0 eng | ||
| 020 |
_a0335197736 _c525.6 |
||
| 082 | 0 | 0 |
_a305.480297 _bHAW |
| 100 | _aHaw, Kaye | ||
| 245 |
_aEducating Muslim Girls _b Shifting Discourses |
||
| 260 |
_aU.K. _bOpen University _c1998 |
||
| 300 | _a203p | ||
| 500 | _aincludes index and biblioraphy | ||
| 505 | 2 | _aIndex | |
| 650 | _aMuslim Women-Education | ||
| 700 | 1 | _aHaw, Kaye | |
| 902 | _bSRS | ||
| 942 | _cBK | ||
| 999 |
_c17239 _d17239 |
||